000
00281nam a2200109Ia 4500
008
220204s9999 xx 000 0 und d
082
_b
SAT;1
100
_a
Satheeskumar, K G
245
0
_a
Rubber: Karshakarkkoru kaippusthakam
260
_a
Kottayam
_b
Rubber Board
_c
2008
942
_c
BK
999
_c
44400
_d
44400